The Brain Quiz - Statistics

General Stats
  • This quiz has been taken 257 times
    254 since last reset
  • The average score is 10 of 20
Answer Stats
Question Answer % Correct
Brain information travels faster than a Formula 1 race car. True
94%
You only use 10% of our brain. False
86%
People forget 95 to 99 percent of their dreams. True
78%
If you were drinking alcohol and don’t remember what you did last night, it’s because you forgot. False
72%
The Brain processes information faster than any computer. True
69%
How long can the brain go without oxygen before damage occurs? 5 minutes
67%
The brain can’t feel pain. True
64%
What percentage of people dream in color? 86
58%
Your brain’s storage capacity is considered virtually unlimited. True
56%
The brain can multitask. False
50%
When we read, the brain quickly processes every letter in the word. False
50%
Who had larger brains? Neanderthals or Homo Sapiens? Neanderthals
50%
Albert Einstein's brain was stored in Tupperware. True
50%
Your brain is 60% fat. True
47%
The brain can store up to ___ numbers in its working memory. 5-9
42%
How many dreams does the average person have each night? 4-7
31%
Having high cholesterol is bad for the brain. False
25%
We have more brain cells than there are stars in the Milky Way False
14%
You only have one brain. False
11%
Around what age does the brain stop developing? 40s
3%
No matching quizzes found
Score Distribution
Percent of People with Each Score
Percentile by Number Answered
Your Score History
You have not taken this quiz since the last reset